MDQL
is popping MORE tags! Check the
thread
!
Quizzes
Events
Quiz Creation
Community
Videos
Private Events
Remove Ads
Sign In
Join for FREE
Feedback
Dark Mode
Quiz Categories
Sports
Geography
Music
Movies
Television
Just For Fun
Miscellaneous
History
Literature
Language
Science
Gaming
Entertainment
Religion
Holiday
For Kids
Quiz Lab
Recent
Popular Today
Quiz Kudos Today
Editor Picks
Curator Picks
Quizzes by...
Day
Popularity
Type
Ratings
Length
Year
Community
Subscriptions
Recent Discussions
Orange Saloon
Badges
Playlists
Quests
Create
Leaderboards
Showdown
Live 5
Trivia Bingo
Activity
Puzzle Library
Sporcle Events
Private Events
Virtual Trivia
Globe League
Become a Host
Pub Owners
SporcleCon
Opinionation
Our Games
Videos
Blog
Mobile Apps
Partnerships
Remove Ads and Go Orange
Feedback
Just For Fun
Clickable
Get the Picture
Humor
Quick Pick
Word Ladder
Missing Word
Mixed Word
Blitz
Minefield
This or That
Alphabet
Color
Typing
Sporcle
Puzzle
Word Play
Follow That Line
Logic
Just For Fun
Clickable
Get the Picture
Humor
Quick Pick
Word Ladder
Missing Word
Mixed Word
Blitz
Minefield
This or That
Alphabet
Color
Typing
Sporcle
Puzzle
Word Play
Follow That Line
Logic
Random Quiz
Search Sporcle
×
Quiz Lab
Quiz Lab
Just For Fun
Batman
Type in answers that appear in a list
Type in answers that appear in a list
Classic
Best Score? Go Orange.
Batman Villains Stats
Can you name the Batman Villains?
By
Jaffnet
5m
55 Questions
80 Plays
80 Plays
80 Plays
Comments
Comments
Give Quiz Kudos
Give Quiz Kudos
-
- Ratings
hide this ad
Replay
Link that replays current quiz
Next Quiz
Link to next quiz in quiz playlist
You Got
0%
They Got
Avg Score
34%
Avg Friend Score
Upgrade to see
Score Distribution
Jump to the score distribution portion of the page
Score
0/55
Timer
05:00
0
Plays Today
Villain
% Correct
The Joker
98.8%
The Penguin
91.3%
Cat Woman
90%
The Riddler
88.8%
Two Face
82.5%
Mr Freeze
82.5%
Poison Ivy
81.3%
Harley Quinn
81.3%
Bane
80%
Killer Croc
80%
Scarecrow
76.3%
Ra's al Ghul
72.5%
Clayface
70%
The Killer Moth
62.5%
Mad Hatter
60%
Hush
57.5%
The Black Mask
57.5%
Hugo Strange
48.8%
Firefly
46.3%
The Ventriloquist
46.3%
The Red Hood
45%
Mr Zsasz
41.3%
Catman
38.8%
Anarky
33.8%
The Great White Shark
32.5%
Prometheus
32.5%
Maxie Zeus
32.5%
The Ratcatcher
32.5%
Villain
% Correct
The KGBeast
30%
The Calculator
20%
Lock-up
15%
The Black Spider
15%
Orca
11.3%
Dr Phosphorus
6.3%
Tweedledum and Tweedledee
6.3%
Signalman
5%
The Cavalier
5%
Magpie
5%
Bronze Tiger
3.8%
David Cain
3.8%
The Reaper
3.8%
The Tally Man
2.5%
Captain Stingaree
2.5%
Film Freak
2.5%
Nyssa Raatko
2.5%
The Wrath
2.5%
The Mad Monk
2.5%
The Ten-Eyed Man
2.5%
Doctor Hunt
1.3%
The Black Glove
1.3%
Philo Zeiss
1.3%
Facade
1.3%
Doctor Double X
1.3%
King Snake
1.3%
The NKVDemon
1.3%
Quiz Playlist
Details
Report
Send in Message
Add To Playlist
Classic:
Type in answers that appear in a list
Last Updated: Feb 16, 2017
Quiz Scoreboard
CHALLENGE
Sign Up to Join the Scoreboard
Show All
Scores
Hide
Comments
May contain spoilers
Recently Published
1-10 Letter E Words III
by El_Dandy
Language
2m
Street Fighter Characters
by Artimus82
Gaming
60s
College Basketball Coaching Resumes
by pancakes188
Sports
9m
More to Explore
Quiz From the Vault
Featured Blog Post
Where Did the Easter Bunny Come From?
hide this ad
You Might Also Like...
Tags
Batman
Villains
Today's Top Quizzes in Just For Fun
Browse Just For Fun
hide this ad
Today's Top Quizzes in Batman
Browse Batman
Top Contributed Quizzes in Just For Fun
1
Name Just One - 10 to 1: Just For Fun
2
Killer Double Trees 224 - Colour Match-Up
3
Spring Typing Challenge
4
Crossword Whiteout! 49
5
Zeroing In: Just For Fun
6
Survivor Winners Logic Puzzle
7
Word Ladder: Ahoy Matey
8
Word Ladder: Wilderness Weapon
9
Clickable Animal Jokes #2
10
Kyle's 122nd Triple Trees
Explore More
Trending Topics
Anime
Kpop
Disney
Harry Potter
NBA
Marvel
Crossword
The Office
Song
Country
NFL
WWE
Puzzle
Pokémon
Soccer
hide this ad
More By:
Jaffnet
Quiz
Plays
Rating
Category
Featured
Created
British Bands 10-to-1
1,972
5.00
Music
Dec 31, 2020
50 Actors (Picture)
1,944
2.92
Movies
Jan 16, 2013
Countries beginning with O and Q
1,624
2.44
Geography
Oct 8, 2012
Top 100 Simpsons Characters
1,428
2.44
Television
Oct 2, 2012
Game of Thrones Regulars
820
4.71
Television
Jun 30, 2016
Go to Creator's Profile
Score Distribution
Quiz Creator Spotlight
Jaffnet
Follow
Send a Message
Quizzes Created
-
Created Quiz Play Count
-
More By This Creator
Popular Quizzes Today
1
Find the US States - No Outlines Minefield
2
Find the Countries of Europe - No Outlines Minefield
3
The Countries of the World
4
Find the US States
5
Risky Map Clicking: Biggest States A-Z
6
US States
7
Popular People in 1961
8
Movies - When Are They Set?
More Just For Fun Quizzes
Get the Picture: Illustrious Painters
Published
Trending Quizzes
Risky Map Clicking: Least Populous States A-Z
1-10 Letter G Words
1-10 Letter F Words
Countries of the World: 200 Million BC
Risky Map Clicking: Next State Alphabetically
Recently Updated
Beyoncé Albums
pecheneg
Leaping Animals
pecheneg
Reality TV Shows (A-Z)
bhenderson79
Rickey Henderson's Hall of Fame Teammates
pecheneg
Champions League XIs: Arsenal
pecheneg
Quick Pick: Celebrities in WWE's Hall of Fame
aduchscher
A-Z Keypad Blitz II
pecheneg
Multiple Oscar Actors
pecheneg
Mystery Phrase Blitz: Oscar 'Best Actors'
pecheneg
F. Scott Fitzgerald Novels
LTH
Trending Topics
Kpop
Harry Potter
Anime
Crossword
NBA
Disney
Marvel
Pokémon
Puzzle
Song
Country
Soccer
WWE
The Office
NFL
Your Account Isn't Verified!
In order to create a playlist on Sporcle, you need to verify the email address you used during registration. Go to your
Sporcle Settings
to finish the process.
Report this User
Report this user for behavior that violates our
Community Guidelines
.
Details:
Send Report
Go to the Sporcle.com Mobile Site →
Comments